| 000 | 00910 a2200265 4500 | ||
|---|---|---|---|
| 005 | 20250619112241.0 | ||
| 020 | _a9781446273593 (pbk.) | ||
| 050 | 0 | 0 |
_aNK 1390 _bJUL 2014 |
| 100 | 1 |
_aJulier, Guy, _eauthor. |
|
| 245 | 1 | 4 |
_aThe culture of design / _cGuy Julier. |
| 250 | _athird edition. | ||
| 264 | 1 |
_aLos Angeles : _bSage, _c[2014] |
|
| 300 |
_axvi, 280 pages _billustrations |
||
| 336 |
_2rdacontent _atext _btxt |
||
| 337 |
_2rdamedia _aunmediated _bn |
||
| 338 |
_2rdacontent _atext _btxt |
||
| 500 | _aIncludes bibliographical references and index. | ||
| 504 | _aIncludes bibliographical references and index. | ||
| 650 | 0 |
_aDesign _xHistory |
|
| 650 | 0 |
_aDesign _xSocial aspects. |
|
| 650 | 0 |
_aIndustrial design _xSocial aspects. |
|
| 650 | 0 | _aCommunication in design. | |
| 942 |
_2lcc _cBK _h1510 _iJUL _kNK _ethird |
||
| 999 |
_c8076 _d8076 |
||